<?xml version="1.0" encoding="UTF-8"?>
<record
    xmlns:xsi="http://www.w3.org/2001/XMLSchema-instance"
    xsi:schemaLocation="http://www.loc.gov/MARC21/slim http://www.loc.gov/standards/marcxml/schema/MARC21slim.xsd"
    xmlns="http://www.loc.gov/MARC21/slim">

  <leader>01976nam a2200313Ia 4500</leader>
  <controlfield tag="001">ebr10081821</controlfield>
  <controlfield tag="003">CaPaEBR</controlfield>
  <controlfield tag="006">m        u        </controlfield>
  <controlfield tag="007">cr cn|||||||||</controlfield>
  <controlfield tag="008">050628s2005    dcua    sb   i000 0 eng d</controlfield>
  <datafield tag="010" ind1=" " ind2=" ">
    <subfield code="z">  2005416005</subfield>
  </datafield>
  <datafield tag="020" ind1=" " ind2=" ">
    <subfield code="z">0821363107 (pbk.)</subfield>
  </datafield>
  <datafield tag="040" ind1=" " ind2=" ">
    <subfield code="a">CaPaEBR</subfield>
    <subfield code="c">CaPaEBR</subfield>
  </datafield>
  <datafield tag="035" ind1=" " ind2=" ">
    <subfield code="a">(OCoLC)60639908</subfield>
  </datafield>
  <datafield tag="050" ind1="1" ind2="4">
    <subfield code="a">HD82</subfield>
    <subfield code="b">.P635 2005eb</subfield>
  </datafield>
  <datafield tag="082" ind1="0" ind2="4">
    <subfield code="a">338.91</subfield>
    <subfield code="2">22</subfield>
  </datafield>
  <datafield tag="245" ind1="0" ind2="0">
    <subfield code="a">Power, rights and poverty</subfield>
    <subfield code="h">[electronic resource] :</subfield>
    <subfield code="b">concepts and connections /</subfield>
    <subfield code="c">edited by Ruth Alsop.</subfield>
  </datafield>
  <datafield tag="260" ind1=" " ind2=" ">
    <subfield code="a">Washington, DC :</subfield>
    <subfield code="b">World Bank,</subfield>
    <subfield code="c">2005.</subfield>
  </datafield>
  <datafield tag="300" ind1=" " ind2=" ">
    <subfield code="a">viii, 157 p. :</subfield>
    <subfield code="b">ill.</subfield>
  </datafield>
  <datafield tag="504" ind1=" " ind2=" ">
    <subfield code="a">Includes bibliographical references.</subfield>
  </datafield>
  <datafield tag="505" ind1="0" ind2="0">
    <subfield code="t">Power, rights, and poverty reduction /</subfield>
    <subfield code="r">Ruth Alsop and Andrew Norton --</subfield>
    <subfield code="t">Linking power and poverty reduction /</subfield>
    <subfield code="r">Rosalind Eyben --</subfield>
    <subfield code="t">Rights, power and poverty reduction /</subfield>
    <subfield code="r">Caroline Moser --</subfield>
    <subfield code="t">Power relations and poverty reduction /</subfield>
    <subfield code="r">David Mosse --</subfield>
    <subfield code="t">Empowerment and institutional change : mapping "virtuous circles" of state-society interaction /</subfield>
    <subfield code="r">Jonathan Fox --</subfield>
    <subfield code="t">Measuring empowerment : country indicators /</subfield>
    <subfield code="r">Jeremy Holland and Simon Brook --</subfield>
    <subfield code="t">Empowerment at the local level : issues, responses, assessments /</subfield>
    <subfield code="r">Michael Woodcock --</subfield>
    <subfield code="t">Measuring empowerment : an anlytic framework /</subfield>
    <subfield code="r">Ruth Alsop, Nina Heinsohn, and Abigail Somma --</subfield>
    <subfield code="t">Working meeting on power, rights, and poverty reduction : a summary /</subfield>
    <subfield code="r">Nina Heinsohn --</subfield>
    <subfield code="t">Understanding the concept of power /</subfield>
    <subfield code="r">Fruzsina Csaszar--</subfield>
    <subfield code="t">Literature review /</subfield>
    <subfield code="r">Fruzsina Csaszar.</subfield>
  </datafield>
  <datafield tag="533" ind1=" " ind2=" ">
    <subfield code="a">Electronic reproduction.</subfield>
    <subfield code="b">Palo Alto, Calif. :</subfield>
    <subfield code="c">ebrary,</subfield>
    <subfield code="d">2009.</subfield>
    <subfield code="n">Available via World Wide Web.</subfield>
    <subfield code="n">Access may be limited to ebrary affiliated libraries.</subfield>
  </datafield>
  <datafield tag="650" ind1=" " ind2="0">
    <subfield code="a">Economic development.</subfield>
  </datafield>
  <datafield tag="650" ind1=" " ind2="0">
    <subfield code="a">Poverty</subfield>
    <subfield code="z">Developing countries.</subfield>
  </datafield>
  <datafield tag="655" ind1=" " ind2="7">
    <subfield code="a">Electronic books.</subfield>
    <subfield code="2">local</subfield>
  </datafield>
  <datafield tag="700" ind1="1" ind2=" ">
    <subfield code="a">Alsop, Ruth.</subfield>
  </datafield>
  <datafield tag="710" ind1="2" ind2=" ">
    <subfield code="a">ebrary, Inc.</subfield>
  </datafield>
  <datafield tag="856" ind1="4" ind2="0">
    <subfield code="u">http://site.ebrary.com/lib/rucke/Doc?id=10081821</subfield>
    <subfield code="z">An electronic book accessible through the World Wide Web; click to view</subfield>
  </datafield>
  <datafield tag="999" ind1=" " ind2=" ">
    <subfield code="c">55048</subfield>
    <subfield code="d">55048</subfield>
  </datafield>
</record>
